Catálogo
 En Linea

Momoria al Congreso Nacional : (Registro nro. 20167)

Detalles MARC
000 -CABECERA
campo de control de longitud fija 00442nam a2200145 u 4500
001 - NÚMERO DE CONTROL
campo de control 000020663
005 - FECHA Y HORA DE LA ÚLTIMA TRANSACCIÓN
campo de control 20200930011137.0
008 - DATOS DE LONGITUD FIJA--INFORMACIÓN GENERAL
campo de control de longitud fija 100812s1990 dr r 001 0 spa d
040 ## - FUENTE DE LA CATALOGACIÓN
Centro catalogador/agencia de origen DO-SdBNP
Lengua de catalogación spa
Centro/agencia transcriptor BPJMD
082 ## - NÚMERO DE LA CLASIFICACIÓN DECIMAL DEWEY
Número de clasificación xxxx
Número de documento/Ítem S486m
100 1# - ENTRADA PRINCIPAL--NOMBRE DE PERSONA
Nombre de persona Serpa Uribe, Horacio
9 (RLIN) 43418
245 10 - MENCIÓN DE TÍTULO
Título Momoria al Congreso Nacional :
Resto del título 1989-1990 /
Mención de responsabilidad, etc. Horacio Serpa Uribe.
260 ## - PUBLICACIÓN, DISTRIBUCIÓN, ETC.
Lugar de publicación, distribución, etc. Colombia :
Nombre del editor, distribuidor, etc. Ministerio de Gobierno.
300 ## - DESCRIPCIÓN FÍSICA
Extensión 233 p. :
Otras características físicas il. ;
Dimensiones 24 cm.

No hay ítems disponibles.

Con tecnología Koha